000 00603nam a2200181Ia 4500
008 151018s9999 xx 000 0 und d
082 _bRBASDV48010
_a614
100 _aशरद इंदुरखा
245 _aप्रमुख मौसमी रोग
250 _b1
260 _bआशिष प्रकाशन धुळे
_c2009
300 _a16
600 _aशरद इंदुरखा
630 _aप्रमुख मौसमी रोग
700 _aशरद इंदुरखा
730 _aप्रमुख मौसमी रोग
942 _cBOOK
999 _c1047140
_d1047137